000 00524nam a2200181Ia 4500
008 240729s9999 xx 000 0 und d
022 _a2279-7483
245 0 _aVeins and Lymphatics
260 _aItaly
260 _bPAGEPress Publications
650 _a Diseases of the circulatory (Cardiovascular) system
650 _a Internal medicine
650 _a Specialties of internal medicine
650 _aMedicine
856 _uhttps://doaj.org/toc/7369eb535d9d42848589c3b25fa4ede1
942 _2ddc
942 _cDOAJEJ
999 _c69968
_d69968
945 _a1
_bMadushi Gamage
_c1
_dMadushi Gamage